Doplnkové zdroje financovania regionálnych samospráv v SR

Doplnkové zdroje financovania majú charakter vlastných nedaňových príjmov a sú jednou z možností ako posilniť nezávislosť regionálnej samosprávy na dotáciách zo štátneho rozpočtu a zvýšiť ich konkurencieschopnosť voči ostatným samosprávnym krajom. Analýza schopnosti regionálnych samospráv SR kryť ic...

Descrizione completa

Salvato in:
Dettagli Bibliografici
Autore principale: Vaľovská, Zlata
Altri autori: Sedláková, Slavka
Natura: Capitolo di libro
Lingua:slovacco
Soggetti:
Tags: Aggiungi Tag
Nessun Tag, puoi essere il primo ad aggiungerne!!

MARC

LEADER 00000naa a2200000 4500
001 0200405
005 20220504100527.2
041 0 |a slo 
044 |a SK 
245 1 0 |a Doplnkové zdroje financovania regionálnych samospráv v SR  |c Zlata Vaľovská, Slavka Sedláková 
520 |a Doplnkové zdroje financovania majú charakter vlastných nedaňových príjmov a sú jednou z možností ako posilniť nezávislosť regionálnej samosprávy na dotáciách zo štátneho rozpočtu a zvýšiť ich konkurencieschopnosť voči ostatným samosprávnym krajom. Analýza schopnosti regionálnych samospráv SR kryť ich výdavky vlastnými príjmami a ich aktivitu v oblasti získavania doplnkových príjmov z vlastníctva majetku a z podnikania. 
610 2 0 |a Slovensko 
610 2 0 |a zdroje finančné vlastné 
610 2 0 |a samofinancovanie 
610 2 0 |a samospráva 
610 2 0 |a zdroje finančné 
100 1 |a Vaľovská, Zlata 
700 1 |a Sedláková, Slavka